LEADER 01254nam a2200289 4500 001 000000361132 003 CaOOAMICUS 005 20241213112650.0 008 241211s2024 it 000 u ita r 020 $a978-88-7836-516-2 040 $aSeMil$bita 245 00$aPer infiammare ogni cosa :$bfamiglie missionarie a km zero in ascolto dello spirito /$ca cura di Marco Gibelli. 264 1$aMilano :$bIPL,$c2024. 300 $a125 p. ;$c21 cm 490 1 $aPietre vive 541 0 $aOmaggio mons. Mario Delpini 650 4$aFamiglia - Concezione cristiana.$0(OLS)http://semarc/subject/1374 700 1 $aGibelli, Marco.$0(OLS)http://semarc/name/121163 830 0$aPietre vive.$0(OLS)http://semarc/title/40139 850 $aSeMil 852 $aSeMil$W1$xVenegono$y1$m2E III 321$j253415$B252109$CSeMilBibl$Z2$F252109 $81 941 1 $a7 961 $aOmaggio mons. Mario Delpini. ? Con dedica autografa Rozzano, 24 novembre 2024 996 $6020$a978-88-7836-516-2$9(OLS)http://semarc/number/302064 996 $6245$aPer infiammare ogni cosa :$bfamiglie missionarie a km zero in ascolto dello spirito$9(OLS)http://semarc/title/451786 996 $6264$aMilano :$bIPL$9(OLS)http://semarc/publisher/30350 LEADER 00996nam a2200265 i 4500 001 000000156264 003 CaOOAMICUS 005 20061130000000.0 008 061130s1980 it u000 u ita u 013 $a133619 040 $aSeMil$bita 100 1 $aQuinzio, Sergio,$d<1927-1996>.$0(OLS)http://semarc/name/2775 245 10$aDalla gola del leone /$cSergio Quinzio. 260 $aMilano :$bAdelphi,$cCopyr. 1980. 300 $a168 p. ;$c18 cm. 490 0 $aPiccola Biblioteca Adelphi ;$v105 500 $aFondo Ciprandi. 650 4$aCristianesimo - Meditazioni.$0(OLS)http://semarc/subject/1977 830 0$aPiccola biblioteca Adelphi ;$v105.$0(OLS)http://semarc/title/7074 850 $aSeMil 852 $aSeMil$W1$xVenegono$y1$m2D I 227$j108058$B108058$CSeMilBibl$Z2$F118860 $81 941 1 $a1 961 $aOmaggio: Ciprandi dott. Paolo 996 $6245$aDalla gola del leone$9(OLS)http://semarc/title/229027 996 $6260$aMilano :$bAdelphi$9(OLS)http://semarc/publisher/30018